=LDR 00000nam 2200000 4500 =001 INLIS000000000030395 =005 20130612132537 =008 ***********************************Ind** =035 ##$$0010-061300000030395 =041 ##$$a Ind =082 ##$$a 820 =090 ##$$a 820, Sam i =100 ##$$a Samekto =245 ##$$a Ikhtisar sejarah kesusastraan inggris, Samekto, SS =260 ##$$a 1074 $b Jakarta =300 ##$$a 146 hlm =650 ##$$a Sejarah Kesusastraan =850 ##$$a NBPNMAT